000 nam a22 a 4500
999 _c4663
_d4663
003 AKMAL
005 20170727124929.0
008 170727s2017 my l 00 may d
020 _cRM19.00
082 0 4 _a343.595034 MAL
090 0 0 _a343.595034
_bMAL
110 1 _aMalaysia
_9400
240 1 0 _aAkta Acara Kewangan, 1957.
_lEnglish
245 1 0 _aAkta Prosedur Kewangan 1957 (Disemak-1972) (Act 61) :
_b(sehingga Mac, 2003) /
_cdisusun semula oleh Penasihat Undang-Undang MDC
260 _aKuala Lumpur :
_bMDC Publishers,
_c2017
300 0 0 _a25p. ;
_c27cm
650 0 _aFinance
_xLaw and legislation
_zMalaysia
_98791
650 0 _aFinance, Public
_xLaw and legislation
_zMalaysia
_98297
942 _2ddc
_cBOOK
950 _lAKMAL